[Event "POL-ch U18 Girls"]
[Site "Wisla"]
[Date "2000.??.??"]
[Round "5"]
[White "Chiciak, Malgorzata"]
[Black "Przytycka, Joanna"]
[Result "1-0"]
[WhiteElo "1600"]
[BlackElo "1800"]
[PlyCount "65"]
[EventDate "2000.02.26"]
[EventType "swiss"]
[EventRounds "10"]
[EventCountry "POL"]
[SourceTitle "EXT 2005"]
[Source "ChessBase"]
[SourceDate "2004.11.15"]
[SourceVersion "1"]
[SourceVersionDate "2004.11.15"]
[SourceQuality "1"]

1. e4 c5 2. c3 e6 3. d4 d5 4. e5 Nc6 5. Nf3 f6 6. Bb5 Bd7 7. 0-0 cxd4 8. cxd4 Bb4 9. a3 Ba5 10. Nh4 Qe7 11. b4 Bb6 12. Bb2 Nh6 13. Bd3 Nf7 14. Bg6 0-0-0 15. Qc2 Kb8 16. Bxh7 Rxh7 17. Qxh7 Rh8 18. Qxg7 Rxh4 19. exf6 Qe8 20. Qg3+ Bc7 21. Qxh4 Qg8 22. Nd2 e5 23. dxe5 Ncxe5 24. Bxe5 Bxe5 25. Rac1 Ng5 26. Kh1 Bxf6 27. Qf4+ Ka8 28. Qxf6 d4 29. f4 Nh3 30. gxh3 Bxh3 31. Qg5 Qe8 32. Rce1 Qh8 33. Qe5 1-0

[Event "POL-ch U18 Girls"]
[Site "Wisla"]
[Date "2000.??.??"]
[Round "2"]
[White "Jurga, Izabela"]
[Black "Chiciak, Malgorzata"]
[Result "1/2-1/2"]
[WhiteElo "1800"]
[BlackElo "1600"]
[PlyCount "118"]
[EventDate "2000.02.26"]
[EventType "swiss"]
[EventRounds "10"]
[EventCountry "POL"]
[SourceTitle "EXT 2005"]
[Source "ChessBase"]
[SourceDate "2004.11.15"]
[SourceVersion "1"]
[SourceVersionDate "2004.11.15"]
[SourceQuality "1"]

1. c4 e5 2. Nc3 Nc6 3. g3 d6 4. Bg2 Bd7 5. e3 Nf6 6. Nge2 Be7 7. a3 0-0 8. b4 Rb8 9. Nd5 Be6 10. d3 a6 11. Nec3 Na7 12. 0-0 c6 13. Nxe7+ Qxe7 14. Ne4 b5 15. Qc2 Nxe4 16. Bxe4 f5 17. Bg2 e4 18. cxb5 exd3 19. Qxd3 axb5 20. Rd1 Rbd8 21. Bb2 Bc4 22. Qc3 d5 23. Qc2 Qf7 24. Bd4 Nc8 25. Bc5 Rfe8 26. Rd4 Ne7 27. a4 bxa4 28. Qxa4 Bb5 29. Qa7 Qf6 30. Bf1 Ng6 31. Bxb5 cxb5 32. Qa6 Qxa6 33. Rxa6 Ne5 34. Kg2 Nc4 35. Ra7 Re4 36. Rb7 Ne5 37. Rxb5 Nc6 38. Rxe4 dxe4 39. Rb6 Nb8 40. Rd6 Rxd6 41. Bxd6 Nc6 42. b5 Na5 43. Kf1 Kf7 44. Ke2 Ke6 45. Bc5 Kd7 46. Kd1 Nb7 47. Bd4 g6 48. Kc2 Nd6 49. b6 Kc6 50. Kc3 Kb5 51. Be5 Nb7 52. Bd4 Na5 53. Kd2 Nc4+ 54. Ke2 Nxb6 55. Bxb6 Kxb6 56. f3 h5 57. fxe4 fxe4 58. Kd2 Kc6 59. Kc3 Kc5 1/2-1/2